000 00775nam a2200217 i 4500
001 79214
003 ES-MaACL
005 20250815144910.0
007 t|
008 041020s1952 no f |||| | nor d
245 0 0 _aNorges dekorative Malerkunst gjennem 1000 ar. /
_cBildende Kunstneres Styre-Johansens Boktrykkeri.
260 _a[Oslo] :
_bDistribuer av Narvesens Kioskkompani,
_c[1952]
300 _a26 p., 150 lám. ;
_c17 cm.
500 _aTexto (por Ulrick Hendricksen y Reidar Revold) en noruego, inglés, francés y español.
650 7 _aPintura noruega
_2embne
_9165719
700 1 _aRevold, Reidar.
_996453
700 1 _aHendricksen, Ulrick.
_962529
710 2 _aBildende Kunstneres Styre.
_9165720
852 _aES-MaACL
_jC-12127
999 _c79214
_d79214